000
00228nam a22000857a 4500
008
160716b xxu||||| |||| 00| 0 eng d
100
_9
2953
_a
Austen, J
245
_a
Pride and Prejudice
260
_a
New Delhi
_b
Orient Publication
_c
2003
999
_c
2517
_d
2517